Starting out with games & graphics / (Record no. 13633)

MARC details
000 -LEADER
fixed length control field 01156cam a22003018a 4500
001 - CONTROL NUMBER
control field 15635266
005 - DATE AND TIME OF LATEST TRANSACTION
control field 20100218081918.0
008 - FIXED-LENGTH DATA ELEMENTS--GENERAL INFORMATION
fixed length control field 090223s2009 mau 001 0 eng
010 ## - LIBRARY OF CONGRESS CONTROL NUMBER
LC control number 2009008074
020 ## - INTERNATIONAL STANDARD BOOK NUMBER
International Standard Book Number 9780321610454
020 ## - INTERNATIONAL STANDARD BOOK NUMBER
International Standard Book Number 0321610458
040 ## - CATALOGING SOURCE
Original cataloging agency DLC
Transcribing agency DLC
050 00 - LIBRARY OF CONGRESS CALL NUMBER
Classification number QA76.6
Item number .G3148 2009
082 00 - DEWEY DECIMAL CLASSIFICATION NUMBER
Classification number 005.1
Edition number 22
Item number GAD
100 1# - MAIN ENTRY--PERSONAL NAME
Personal name Gaddis, Tony.
9 (RLIN) 12478
245 10 - TITLE STATEMENT
Title Starting out with games & graphics /
Statement of responsibility, etc Tony Gaddis.
260 ## - PUBLICATION, DISTRIBUTION, ETC. (IMPRINT)
Place of publication, distribution, etc Boston :
Name of publisher, distributor, etc Addison Wesley,
Date of publication, distribution, etc c.2010.
263 ## - PROJECTED PUBLICATION DATE
Projected publication date 0902
300 ## - PHYSICAL DESCRIPTION
Extent 719p:
Other physical details ill;
Dimensions 20 cm.
Accompanying material 1 CD-Rom (3/4 in.)
500 ## - GENERAL NOTE
General note Includes index.
650 #0 - SUBJECT ADDED ENTRY--TOPICAL TERM
Topical term or geographic name as entry element Computer programming.
9 (RLIN) 12479
650 #0 - SUBJECT ADDED ENTRY--TOPICAL TERM
Topical term or geographic name as entry element Computer games
General subdivision Programming.
9 (RLIN) 12480
650 #0 - SUBJECT ADDED ENTRY--TOPICAL TERM
Topical term or geographic name as entry element Computer graphics.
9 (RLIN) 12481
942 ## - ADDED ENTRY ELEMENTS (KOHA)
Source of classification or shelving scheme Dewey Decimal Classification
Item type Book - Borrowing
Holdings
Withdrawn status Item status Source of classification or shelving scheme Damaged status Not for loan Vendor Home library Current library Shelving location Date acquired Source of acquisition Cost, normal purchase price Serial Enumeration / chronology Total Checkouts Total Renewals Full call number Barcode Date last seen Date last borrowed Koha item type
    Dewey Decimal Classification     Alahram Central Library Central Library Lower Floor 11/03/2010   199.00 39 3 13 005.1 GAD 000019848 15/07/2025 17/05/2018 Book - Borrowing
    Dewey Decimal Classification     Alahram Central Library Central Library Lower Floor 11/03/2010   199.00 39     005.1 GAD 000019832 24/08/2022   CD | DVD - With book